Chinese leadership (Record no. 37334)

MARC details
000 -LEADER
fixed length control field 00755nam a2200205 a 4500
008 - FIXED-LENGTH DATA ELEMENTS--GENERAL INFORMATION
fixed length control field 211206s2011 ||||||||||||||||| || u
020 ## - INTERNATIONAL STANDARD BOOK NUMBER
International Standard Book Number 9781349320455
050 ## - LIBRARY OF CONGRESS CALL NUMBER
Classification number HD 38.25 Wan
100 ## - MAIN ENTRY--PERSONAL NAME
Personal name Chee, Harold
245 10 - TITLE STATEMENT
Title Chinese leadership
Statement of responsibility, etc. By Barbara Xiaoyu Wang and Harold Chee
260 ## - PUBLICATION, DISTRIBUTION, ETC.
Place of publication, distribution, etc. London
Name of publisher, distributor, etc. Palgrave Macmillan
Date of publication, distribution, etc. 2011
300 ## - PHYSICAL DESCRIPTION
Extent x, 180 pages: illustrations
350 ## - PRICE (NR) (BK AM CF MU VM SE) [OBSOLETE]
Price 55.99
650 ## - SUBJECT ADDED ENTRY--TOPICAL TERM
Topical term or geographic name entry element LEADERSHIP--CHINA--PHILOSOPHY
650 ## - SUBJECT ADDED ENTRY--TOPICAL TERM
Topical term or geographic name entry element EXECUTIVE--CHINA--ATTITUDES
650 ## - SUBJECT ADDED ENTRY--TOPICAL TERM
Topical term or geographic name entry element LEADERSHIP--CHINA
650 ## - SUBJECT ADDED ENTRY--TOPICAL TERM
Topical term or geographic name entry element LEADERSHIP--CHINA--HISTORY
700 ## - ADDED ENTRY--PERSONAL NAME
Personal name Wang, Barbara Xiaoyu
995 ## - RECOMMENDATION 995 [LOCAL, UNIMARC FRANCE]
-- CBU-MAIN LIBRARY (Kitwe)
-- 55.99
-- AVAILABLE
-- Dec 7, 2021
-- Main Library Open Access Collection
Holdings
Withdrawn status Lost status Source of classification or shelving scheme Damaged status Not for loan Home library Current library Shelving location Date acquired Total Checkouts Full call number Barcode Date last seen Price effective from Koha item type
          CBU-MAIN LIBRARY, KITWE. CBU-MAIN LIBRARY, KITWE.   11/30/2022   HD 38.25 Wan 751516 11/30/2022 11/30/2022 MONOGRAPH